000 00828cab a2200265 4500
001 X87277
008 090401t1997 xxu||||| |||| 00| 0 eng d
035 _a(Sirsi) u81680
041 _aeng
100 _aDale, P.
245 _aLand tenure issues in economic development
260 _c1997
350 _a0
490 _aUrban Studies
_v34(10) 1997, 1621-1633(13)
520 _aThis paper focuses on the importance of land tenure arrangements and the need to manage information about land and property in support of land markets and sustainable development.
650 _aCADASTRAL SYSTEMS
650 _aLAND REGISTRATION
650 _aLAND TENURE
650 _aLAND TRANSACTIONS
650 _aPROPERTY INFORMATION
650 _aSUSTAINABLE DEVELOPMENT
690 _aLAND
942 _n0
948 _c24/10/1997
999 _c51489
_d51489